000 00398nam a22001697a 4500
003 CEME
005 20210628203027.0
008 210128b xxu||||| |||| 00| 0 eng d
020 _a9789693156289
040 _c.
082 _a891.4392 ISH
100 _aIshfaq Ahmad
_9348
245 _aDhandoora ,talqeen shah
260 _aLAHORE
_bSANG-E-MEEL PUB
_c2004
300 _a414P
942 _cBK
_2ddc
999 _c571885
_d571885